[Event "SLO-ch qual"]
[Site "Ptuj"]
[Date "2012.06.02"]
[Round "8"]
[White "Markoja, Boris"]
[Black "Zerjavic, Damir"]
[Result "1/2-1/2"]
[WhiteElo "2056"]
[BlackElo "1923"]
[PlyCount "71"]
[EventDate "2012.05.24"]
[EventType "swiss"]
[EventRounds "9"]
[EventCountry "SLO"]
[SourceTitle "EXT 2019"]
[Source "ChessBase"]
[SourceDate "2018.10.10"]
[SourceVersion "1"]
[SourceVersionDate "2018.10.10"]
[SourceQuality "1"]

1. c4 Nf6 2. Nc3 e6 3. e4 d6 4. Nf3 Nbd7 5. d4 c5 6. Be2 a6 7. 0-0 Qc7 8. Be3 Be7 9. h3 b6 10. d5 exd5 11. exd5 0-0 12. Nh2 Re8 13. Qd2 Bf8 14. f4 g6 15. Bf3 Bg7 16. Bf2 Nf8 17. g4 h6 18. Rfd1 Bd7 19. a4 Re7 20. Nf1 N8h7 21. Ng3 Kh8 22. Kg2 Rae8 23. Re1 Rxe1 24. Rxe1 Rxe1 25. Qxe1 Qd8 26. b3 Qe8 27. Qd2 Qc8 28. Kh2 Qe8 29. Be3 Qc8 30. Qd3 Qe8 31. Kg2 Qc8 32. Kf2 Qe8 33. Bd2 Qe7 34. Qe2 Qd8 35. Kg2 Ne8 36. Nd1 1/2-1/2

[Event "SLO-ch qual"]
[Site "Ptuj"]
[Date "2012.05.27"]
[Round "6"]
[White "Debevec, Blaz"]
[Black "Zerjavic, Damir"]
[Result "1/2-1/2"]
[WhiteElo "2080"]
[BlackElo "1923"]
[PlyCount "80"]
[EventDate "2012.05.24"]
[EventType "swiss"]
[EventRounds "9"]
[EventCountry "SLO"]
[SourceTitle "EXT 2019"]
[Source "ChessBase"]
[SourceDate "2018.10.10"]
[SourceVersion "1"]
[SourceVersionDate "2018.10.10"]
[SourceQuality "1"]

1. d4 Nf6 2. c4 e6 3. g3 b6 4. Bg2 c6 5. Nf3 d6 6. 0-0 Be7 7. Nc3 0-0 8. Qc2 Bb7 9. b3 Nbd7 10. e4 e5 11. Bb2 Qc7 12. Rad1 a6 13. Rd2 Rfe8 14. dxe5 Nxe5 15. Nxe5 dxe5 16. Rfd1 Rad8 17. h3 Rxd2 18. Rxd2 Rd8 19. Bf3 Bc8 20. Kg2 Be6 21. Rxd8+ Qxd8 22. Nd1 Qd6 23. Ne3 g6 24. Qc3 Nd7 25. Bg4 Bxg4 26. Nxg4 f6 27. Ne3 Nf8 28. Qe1 Ne6 29. Qd1 Qxd1 30. Nxd1 b5 31. cxb5 axb5 32. Ne3 Nd4 33. f4 Kf7 34. Ng4 Ke6 35. Nh2 b4 36. Nf3 Nxf3 37. Kxf3 exf4 38. gxf4 Bd6 39. Bc1 h5 40. Be3 Bf8 1/2-1/2

[Event "SLO-chT2 Ost"]
[Site "Maribor"]
[Date "2009.09.05"]
[Round "6"]
[White "Zerjavic, Damir"]
[Black "Vadlja, Branko"]
[Result "1/2-1/2"]
[WhiteElo "1947"]
[BlackElo "1991"]
[PlyCount "22"]
[EventDate "2009.05.30"]
[EventType "team-tourn"]
[EventRounds "9"]
[EventCountry "SLO"]
[SourceTitle "EXT 2022"]
[Source "ChessBase"]
[SourceDate "2021.10.06"]
[SourceVersion "1"]
[SourceVersionDate "2021.10.06"]
[SourceQuality "1"]

1. d4 d5 2. Nf3 Nf6 3. g3 g6 4. Bg2 Bg7 5. 0-0 0-0 6. c4 c6 7. Nc3 Nbd7 8. Qb3 Qb6 9. Qxb6 Nxb6 10. c5 Nbd7 11. Bf4 Re8 1/2-1/2

[Event "Graz op-A 16th"]
[Site "Graz"]
[Date "2009.09.01"]
[Round "4"]
[White "Zerjavic, Damir"]
[Black "Schriebl, Alexander"]
[Result "0-1"]
[WhiteElo "1947"]
[BlackElo "2121"]
[PlyCount "76"]
[EventDate "2009.08.29"]
[EventType "swiss"]
[EventRounds "9"]
[EventCountry "AUT"]
[SourceTitle "CBM 132 Extra"]
[Source "ChessBase"]
[SourceDate "2009.11.03"]
[SourceVersion "1"]
[SourceVersionDate "2009.11.03"]
[SourceQuality "1"]

1. d4 Nf6 2. Nf3 c5 3. g3 cxd4 4. Nxd4 Nc6 5. Nxc6 bxc6 6. Bg2 g6 7. 0-0 Bg7 8. c4 0-0 9. Nc3 Qa5 10. Bd2 Qc5 11. b3 Bb7 12. Rc1 Rac8 13. b4 Qh5 14. e4 Qxd1 15. Rfxd1 Ng4 16. Bg5 f6 17. Rxd7 fxg5 18. Rxb7 Bd4 19. Nd1 Nxf2 20. Nxf2 Rxf2 21. Kh1 e5 22. Rf1 Rcf8 23. Rxf2 Rxf2 24. Bh3 Rxa2 25. Be6+ Kh8 26. b5 cxb5 27. cxb5 Re2 28. h3 Rxe4 29. Kg2 Re2+ 30. Kf3 Re3+ 31. Kg4 h5+ 32. Kxg5 Rxg3+ 33. Bg4 hxg4 34. h4 Kg8 35. Kxg6 Kf8 36. h5 Rh3 37. h6 g3 38. h7 Rxh7 0-1

[Event "Ptuj op"]
[Site "Ptuj"]
[Date "2009.08.02"]
[Round "1"]
[White "Loncar, Robert"]
[Black "Zerjavic, Damir"]
[Result "1-0"]
[WhiteElo "2429"]
[BlackElo "1947"]
[PlyCount "85"]
[EventDate "2009.08.02"]
[EventType "swiss"]
[EventRounds "9"]
[EventCountry "SLO"]
[SourceTitle "CBM 131 Extra"]
[Source "ChessBase"]
[SourceDate "2009.09.03"]
[SourceVersion "2"]
[SourceVersionDate "2009.09.16"]
[SourceQuality "1"]

1. d4 Nf6 2. c4 e5 3. dxe5 Ng4 4. Bf4 Nc6 5. Nf3 Bb4+ 6. Nbd2 Qe7 7. e3 Ngxe5 8. Nxe5 Nxe5 9. a3 Bxd2+ 10. Qxd2 d6 11. Be2 0-0 12. 0-0 Bf5 13. Rac1 b6 14. f3 a5 15. e4 Be6 16. Bg3 f5 17. f4 Nd7 18. Bf3 Rad8 19. Rfe1 Nc5 20. exf5 Rxf5 21. Qe3 Re8 22. b4 axb4 23. axb4 Nd7 24. Bg4 g6 25. Bxf5 gxf5 26. Bf2 Qf7 27. Qg3+ Qg6 28. Qxg6+ hxg6 29. c5 bxc5 30. bxc5 Nf6 31. cxd6 cxd6 32. Bd4 Ne4 33. Rc7 Bf7 34. Rb1 Ra8 35. Ba7 g5 36. fxg5 Nxg5 37. Rbb7 Rf8 38. Rb8 Rxb8 39. Bxb8 d5 40. Ba7 Ne6 41. Rd7 Ng5 42. Be3 Ne4 43. Bd4 1-0

[Event "SLO-chT2 Ost"]
[Site "Maribor"]
[Date "2009.06.06"]
[Round "3"]
[White "Zerjavic, Damir"]
[Black "Tolic, Mato"]
[Result "1/2-1/2"]
[WhiteElo "1947"]
[BlackElo "2050"]
[PlyCount "105"]
[EventDate "2009.05.30"]
[EventType "team-tourn"]
[EventRounds "9"]
[EventCountry "SLO"]
[SourceTitle "EXT 2022"]
[Source "ChessBase"]
[SourceDate "2021.10.06"]
[SourceVersion "1"]
[SourceVersionDate "2021.10.06"]
[SourceQuality "1"]

1. d4 d5 2. Nf3 Nf6 3. g3 e6 4. Bg2 Bd6 5. 0-0 Nbd7 6. c4 c6 7. e4 Nxe4 8. cxd5 exd5 9. Re1 0-0 10. Nc3 Ndf6 11. Nxe4 Nxe4 12. Ne5 f5 13. f3 Nf6 14. Bg5 Qb6 15. Rb1 h6 16. Bxf6 Rxf6 17. f4 Be6 18. a3 a5 19. Kh1 Rd8 20. Qh5 Rdf8 21. Re2 Qxd4 22. Rbe1 Kh7 23. Nf3 Qb6 24. Rxe6 Qxb2 25. Rxf6 Qxf6 26. Re8 Qa1+ 27. Re1 Qxa3 28. Ng5+ Kg8 29. Ne6 Qc3 30. Rd1 Rf7 31. Qg6 Qb4 32. h4 a4 33. Nd4 Rf6 34. Qe8+ Kh7 35. Bh3 g6 36. Qd7+ Be7 37. h5 Qd6 38. hxg6+ Kxg6 39. Bxf5+ Kf7 40. Qxb7 Qb4 41. Qxb4 Bxb4 42. Bd7 c5 43. Nc6 a3 44. Nxb4 cxb4 45. Ba4 Re6 46. Bb3 Re3 47. Bxd5+ Kf6 48. Kg2 Kf5 49. Rb1 Rd3 50. Bg8 Rd2+ 51. Kf3 Rd3+ 52. Kg2 Rd2+ 53. Kf3 1/2-1/2

[Event "SLO-chT2 Ost"]
[Site "Maribor"]
[Date "2009.05.30"]
[Round "1"]
[White "Habjanic, David"]
[Black "Zerjavic, Damir"]
[Result "1/2-1/2"]
[WhiteElo "2126"]
[BlackElo "1947"]
[PlyCount "28"]
[EventDate "2009.05.30"]
[EventType "team-tourn"]
[EventRounds "9"]
[EventCountry "SLO"]
[SourceTitle "EXT 2022"]
[Source "ChessBase"]
[SourceDate "2021.10.06"]
[SourceVersion "1"]
[SourceVersionDate "2021.10.06"]
[SourceQuality "1"]

1. d4 Nf6 2. c4 e5 3. dxe5 Ng4 4. Bf4 Nc6 5. Nf3 Bb4+ 6. Nc3 Bxc3+ 7. bxc3 Qe7 8. e3 Ngxe5 9. Nxe5 Nxe5 10. Qd4 d6 11. c5 0-0 12. cxd6 cxd6 13. Rd1 Be6 14. a4 Qc7 1/2-1/2

[Event "Sentjur Ipavec Memorial 9th"]
[Site "Sentjur"]
[Date "2008.11.16"]
[Round "9"]
[White "Tomazini, Aljosa"]
[Black "Zerjavic, Damir"]
[Result "1-0"]
[WhiteElo "2189"]
[BlackElo "1907"]
[PlyCount "91"]
[EventDate "2008.11.07"]
[EventType "swiss"]
[EventRounds "9"]
[EventCountry "SLO"]
[SourceTitle "EXT 2010"]
[Source "ChessBase"]
[SourceDate "2010.11.25"]
[SourceVersion "1"]
[SourceVersionDate "2010.11.25"]
[SourceQuality "1"]

1. e4 c6 2. d4 d5 3. e5 Bf5 4. Nf3 e6 5. Be2 c5 6. Be3 Qb6 7. b3 Nh6 8. 0-0 Nc6 9. Nc3 cxd4 10. Nxd4 Qa5 11. Na4 Nxd4 12. Bxd4 Be7 13. g4 Bg6 14. f4 0-0 15. h3 Rac8 16. Bd3 Bxd3 17. Qxd3 Qc7 18. Rf2 b6 19. Rg2 Bc5 20. c3 Bxd4+ 21. cxd4 Kh8 22. f5 Ng8 23. Re1 Qe7 24. g5 exf5 25. Qxf5 Qe6 26. Qd3 Ne7 27. Rf1 Qg6 28. Qd2 Rc7 29. Rff2 Rfc8 30. Qf4 Rc1+ 31. Kh2 Qh5 32. Qxf7 Qd1 33. Qxe7 Qh1+ 34. Kg3 R1c3+ 35. Nxc3 Rxc3+ 36. Rf3 Rxf3+ 37. Kxf3 Qxh3+ 38. Kf2 Qh4+ 39. Rg3 Qxd4+ 40. Re3 Qd2+ 41. Kf3 Qd1+ 42. Kf4 Qf1+ 43. Rf3 Qc1+ 44. Kf5 Qc2+ 45. Ke6 Qc8+ 46. Qd7 1-0

[Event "Sentjur Ipavec Memorial 9th"]
[Site "Sentjur"]
[Date "2008.11.07"]
[Round "1"]
[White "Slamar, Velimir"]
[Black "Zerjavic, Damir"]
[Result "1-0"]
[WhiteElo "2242"]
[BlackElo "1907"]
[PlyCount "91"]
[EventDate "2008.11.07"]
[EventType "swiss"]
[EventRounds "9"]
[EventCountry "SLO"]
[SourceTitle "EXT 2010"]
[Source "ChessBase"]
[SourceDate "2010.11.25"]
[SourceVersion "1"]
[SourceVersionDate "2010.11.25"]
[SourceQuality "1"]

1. d4 Nf6 2. Nf3 e6 3. c4 d6 4. Nc3 Be7 5. e4 0-0 6. Be2 b6 7. 0-0 a6 8. Qc2 c5 9. Rd1 cxd4 10. Nxd4 Qc7 11. Be3 Bb7 12. Rac1 Nbd7 13. b3 Rac8 14. h3 Rfd8 15. Bf1 Nc5 16. f3 h6 17. Qf2 Bf8 18. b4 Ncd7 19. Nb3 d5 20. cxd5 Bxb4 21. Na4 Nc5 22. Naxc5 bxc5 23. Nxc5 Bxc5 24. Bxc5 Qe5 25. Bb6 Rxc1 26. Rxc1 Rd7 27. dxe6 Qxe6 28. Bc4 Qe5 29. Bb3 Qg5 30. Be3 Qe5 31. Rc5 Qe7 32. Qc2 Ne8 33. Ba4 Rd8 34. Qc3 Nd6 35. Qa5 Rc8 36. Rxc8+ Bxc8 37. Qc5 Qd8 38. Bb3 Qf6 39. e5 Qg6 40. Qxd6 Qg3 41. Bf2 Qg5 42. f4 Qxf4 43. Qd8+ Kh7 44. Qxc8 Qxe5 45. Qg4 f5 46. Qd4 1-0

[Event "Sentjur Ipavec Memorial 9th"]
[Site "Sentjur"]
[Date "2008.11.07"]
[Round "2"]
[White "Zerjavic, Damir"]
[Black "Tiselj, Peter"]
[Result "1-0"]
[WhiteElo "1907"]
[BlackElo "1500"]
[PlyCount "53"]
[EventDate "2008.11.07"]
[EventType "swiss"]
[EventRounds "9"]
[EventCountry "SLO"]
[SourceTitle "EXT 2010"]
[Source "ChessBase"]
[SourceDate "2010.11.25"]
[SourceVersion "1"]
[SourceVersionDate "2010.11.25"]
[SourceQuality "1"]

1. d4 d5 2. Nf3 Nc6 3. g3 Nf6 4. Bg2 Bf5 5. 0-0 e6 6. c4 dxc4 7. Qa4 Bd6 8. Nc3 Be4 9. Nxe4 Nxe4 10. Ne5 f5 11. Nxc6 Qd7 12. Qxc4 bxc6 13. Bxe4 fxe4 14. Qc2 0-0 15. Qxe4 c5 16. Be3 cxd4 17. Bxd4 c5 18. Bc3 Bc7 19. Rad1 Qf7 20. Qc6 Bb6 21. Rd7 Qe8 22. Rxg7+ Kh8 23. Rg5+ e5 24. Bxe5+ Qxe5 25. Rxe5 Rac8 26. Qh6 Rcd8 27. Re7 1-0

[Event "SLO-chT2 East"]
[Site "Velenje"]
[Date "2005.10.13"]
[Round "5"]
[White "Prisenk, Silvo"]
[Black "Zerjavic, Damir"]
[Result "1/2-1/2"]
[WhiteElo "1842"]
[BlackElo "1500"]
[PlyCount "96"]
[EventDate "2005.05.27"]
[EventType "team"]
[EventRounds "9"]
[EventCountry "SLO"]
[SourceTitle "EXT 2009"]
[Source "ChessBase"]
[SourceDate "2008.11.26"]
[SourceVersion "1"]
[SourceVersionDate "2008.11.26"]
[SourceQuality "1"]

1. f4 c5 2. e4 d6 3. Nf3 g6 4. c3 Nf6 5. d3 Bg7 6. Be2 Qb6 7. Qc2 Nc6 8. Nbd2 a6 9. Nc4 Qa7 10. Ne3 0-0 11. 0-0 b5 12. h3 Nh5 13. Nd1 Ng3 14. Rf2 b4 15. c4 f5 16. Kh2 fxe4 17. dxe4 Nh5 18. g3 e5 19. Qd3 Qd7 20. f5 gxf5 21. Qd5+ Kh8 22. Nxe5 Bxe5 23. Bxh5 Bb7 24. Qd3 Nd4 25. exf5 Qc6 26. Qf1 Nxf5 27. Bf4 Bd4 28. Bf3 Qd7 29. Bxb7 Qxb7 30. Rf3 Qe7 31. a3 a5 32. axb4 axb4 33. Rxa8 Rxa8 34. Bd2 Ng7 35. Rf7 Qe8 36. Bg5 Kg8 37. Qf3 Ra1 38. Re7 Qf8 39. Qe2 Qf5 40. Bf4 Qb1 41. Rxg7+ Kxg7 42. Qe7+ Kg6 43. Qe8+ Kf5 44. Qh5+ Ke6 45. Qd5+ Ke7 46. Qxd6+ Kf7 47. Qd5+ Kg6 48. Qg5+ Kf7 1/2-1/2

[Event "Slovenske Kojnice op 2nd"]
[Site "Slovenske Kojnice"]
[Date "2005.04.10"]
[Round "3"]
[White "Zerjavic, Damir"]
[Black "Marguc, Franc"]
[Result "1-0"]
[WhiteElo "1500"]
[BlackElo "1730"]
[PlyCount "63"]
[EventDate "2005.04.09"]
[EventType "swiss"]
[EventRounds "5"]
[EventCountry "SLO"]
[SourceTitle "EXT 2019"]
[Source "ChessBase"]
[SourceDate "2018.10.10"]
[SourceVersion "1"]
[SourceVersionDate "2018.10.10"]
[SourceQuality "1"]

1. d4 d5 2. c4 e6 3. e3 Nf6 4. Nf3 Be7 5. Nc3 c6 6. a3 a6 7. Qc2 Nbd7 8. Bd3 h6 9. 0-0 0-0 10. Re1 dxc4 11. Bxc4 Nd5 12. Ne2 b5 13. Ba2 c5 14. e4 N5b6 15. Bf4 Bb7 16. Rad1 cxd4 17. Nexd4 Rc8 18. Qe2 Qe8 19. g4 Nf6 20. g5 Nxe4 21. gxh6 Kh8 22. hxg7+ Kxg7 23. Ne5 Nf6 24. Qe3 Rg8 25. Kf1 Nbd5 26. Qg3+ Kh8 27. Qh3+ Nh7 28. Bb1 f5 29. Bg3 Bf6 30. Nxe6 Ne7 31. Rd7 Ba8 32. Bxf5 1-0

[Event "Slovenske Kojnice op 2nd"]
[Site "Slovenske Kojnice"]
[Date "2005.04.09"]
[Round "2"]
[White "Janzic, Branko"]
[Black "Zerjavic, Damir"]
[Result "1-0"]
[WhiteElo "1782"]
[BlackElo "1500"]
[PlyCount "30"]
[EventDate "2005.04.09"]
[EventType "swiss"]
[EventRounds "5"]
[EventCountry "SLO"]
[SourceTitle "EXT 2019"]
[Source "ChessBase"]
[SourceDate "2018.10.10"]
[SourceVersion "1"]
[SourceVersionDate "2018.10.10"]
[SourceQuality "1"]

1. e4 e6 2. d4 d5 3. exd5 exd5 4. c4 c6 5. Nc3 Nf6 6. Bg5 Be7 7. cxd5 cxd5 8. Bb5+ Nc6 9. Qa4 Qb6 10. Nf3 0-0 11. 0-0 Bg4 12. Bxc6 Bxf3 13. Bxf6 Bxf6 14. Bxd5 Bxd5 15. Nxd5 Qd6 1-0